000 00712nam a2200265Ia 4500
005 20260121171425.0
008 008 260114s9999 xx 000 0 eng d
020 _a9783030319649
037 _aEBOOK
040 _aCRL
040 _beng
040 _cCRL
041 _2eng
041 _aeng
084 _qCRL
100 _aAleksandra Gruca, Tadeusz Czachórski, Sebastian Deorowicz, Katarzyna Har??lak, Agnieszka Piotrowska
_91076055
245 0 _aMan-Machine Interactions 6
260 _bSpringer
260 _bSpringer
260 _c2020
856 _uhttps://link.springer.com/openurl?genre=book&isbn=978-3-030-31964-9
942 _cEBOOK
999 _c1641785
_d1641785